<?xml version="1.0" encoding="UTF-8"?>
<record
    xmlns:xsi="http://www.w3.org/2001/XMLSchema-instance"
    xsi:schemaLocation="http://www.loc.gov/MARC21/slim http://www.loc.gov/standards/marcxml/schema/MARC21slim.xsd"
    xmlns="http://www.loc.gov/MARC21/slim">

  <leader>03242nab a2200385 i 4500</leader>
  <controlfield tag="003">BR-BrBNA</controlfield>
  <controlfield tag="005">20250701111024.0</controlfield>
  <controlfield tag="008">250701b2020    bl.tr|poo|||| 00| 0 eng |</controlfield>
  <datafield tag="040" ind1=" " ind2=" ">
    <subfield code="a">BR-BrBNA</subfield>
    <subfield code="b">eng</subfield>
  </datafield>
  <datafield tag="072" ind1=" " ind2=" ">
    <subfield code="a">F30</subfield>
    <subfield code="b">1112</subfield>
  </datafield>
  <datafield tag="100" ind1=" " ind2=" ">
    <subfield code="a">Scherer, Ramon Felipe </subfield>
  </datafield>
  <datafield tag="100" ind1=" " ind2=" ">
    <subfield code="a">Lichtemberg, Luiz Alberto </subfield>
  </datafield>
  <datafield tag="100" ind1=" " ind2=" ">
    <subfield code="a">Maro, Luana Aparecida Castilho </subfield>
  </datafield>
  <datafield tag="100" ind1=" " ind2=" ">
    <subfield code="a">Beltrame, Andr&#xE9; Boldrin </subfield>
  </datafield>
  <datafield tag="100" ind1=" " ind2=" ">
    <subfield code="a">Klabunde, Gustavo Henrique Ferrero </subfield>
  </datafield>
  <datafield tag="100" ind1=" " ind2=" ">
    <subfield code="a">S&#xF4;nego, M&#xE1;rcio </subfield>
  </datafield>
  <datafield tag="100" ind1=" " ind2=" ">
    <subfield code="a">Peruch,  Luiz Augusto Martins </subfield>
  </datafield>
  <datafield tag="100" ind1=" " ind2=" ">
    <subfield code="a">Amorim, Edson Perito </subfield>
  </datafield>
  <datafield tag="100" ind1=" " ind2=" ">
    <subfield code="a">Serejo, Janay Almeida dos Santos </subfield>
  </datafield>
  <datafield tag="100" ind1=" " ind2=" ">
    <subfield code="a">Ferreira, Cl&#xE1;udia Fortes </subfield>
  </datafield>
  <datafield tag="100" ind1=" " ind2=" ">
    <subfield code="a">Haddad, Fernando </subfield>
  </datafield>
  <datafield tag="245" ind1=" " ind2=" ">
    <subfield code="a">BRS SCS BELLUNA &#x2013; a new banana cultivar for processing and fresh consumption</subfield>
  </datafield>
  <datafield tag="500" ind1=" " ind2=" ">
    <subfield code="a">

Publica&#xE7;&#xE3;o online; 15 ref.; 3 tables; Summaries  (En, Pt)</subfield>
  </datafield>
  <datafield tag="520" ind1=" " ind2=" ">
    <subfield code="a">


Abstract &#x2013;  The  new  banana  cultivar,  BRS  SCS  Belluna  (AAA),  was  developed  by  the  Embrapa  and  Epagri  banana  breeding programs for processing and fresh consumption. It is noteworthy differentiated nutritional qualities, since its fruits are rich in fiber and have lower carbohydrate and caloric content when compared to fruits of the most traded subgroups in the country, Prata  and  Cavendish.  &#x2018;BRS  SCS  Belluna&#x2019;  is  also  resistant  to  Panama  disease  and  to  Sigatoka  disease  complex,  major  plant health problems in Brazil. The cultivar has yield potential up to 40 t ha-1 under favorable environmental conditions. Thus, it is recommended to plant the &#x2018;BRS SCS Belluna&#x2019; in the country, highlighting the state of Santa Catarina, where the studies were conducted. 


Index terms:   Musa acuminata;plant breeding; clonal selection</subfield>
  </datafield>
  <datafield tag="520" ind1=" " ind2=" ">
    <subfield code="a">


Resumo &#x2013;    BRS SCS Belluna (AAA) &#xE9; um novo cultivar de banana desenvolvido pelos programas de melhoramento de bananeira da Embrapa e da Epagri. Destacam-se neste cultivar qualidades nutricionais diferenciadas, uma vez que as suas frutas s&#xE3;o ricas em fibras e apresentam menores conte&#xFA;dos de carboidratos e de valores cal&#xF3;ricos quando comparadas &#xE0;s frutas dos subgrupos mais comercializados no pa&#xED;s, Prata e Cavendish. O cultivar BRS SCS Belluna &#xE9; resistente ao Mal do Panam&#xE1; e ao complexo de Sigatoka, principais problemas fitossanit&#xE1;rios da bananicultura no Brasil. O cultivar ainda apresenta uma produtividade m&#xE9;dia que pode chegar a 40t ha-1 em condi&#xE7;&#xF5;es ambientais favor&#xE1;veis. Desta forma, recomenda-se o plantio do &#x2018;BRS SCS Belluna&#x2019; no pa&#xED;s, destacando-se o estado de Santa Catarina, local onde foram realizados os estudos. 


Termos para indexa&#xE7;&#xE3;o:   Musa acuminata;melhoramento de plantas; sele&#xE7;&#xE3;o clonal</subfield>
  </datafield>
  <datafield tag="650" ind1=" " ind2=" ">
    <subfield code="a">BANANA</subfield>
  </datafield>
  <datafield tag="650" ind1=" " ind2=" ">
    <subfield code="a">CONDI&#xC7;&#xC3;O AMBIENTAL</subfield>
  </datafield>
  <datafield tag="650" ind1=" " ind2=" ">
    <subfield code="a">VARIEDADE RESISTENTE</subfield>
  </datafield>
  <datafield tag="650" ind1=" " ind2=" ">
    <subfield code="a">SELE&#xC7;&#xC3;O</subfield>
  </datafield>
  <datafield tag="650" ind1=" " ind2=" ">
    <subfield code="a">MELHORAMENTO GEN&#xC9;TICO VEGETAL</subfield>
  </datafield>
  <datafield tag="773" ind1="0" ind2=" ">
    <subfield code="0">1813</subfield>
    <subfield code="9">317200</subfield>
    <subfield code="d">Florian&#xF3;polis-SC Empresa de Pesquisa Agropecu&#xE1;ria e Extens&#xE3;o Rural de Santa Catarina 1988-</subfield>
    <subfield code="o">2024-3824</subfield>
    <subfield code="t">Agropecu&#xE1;ria Catarinense (Brazil)</subfield>
    <subfield code="x">0103-0779</subfield>
    <subfield code="g">v. 33(1) p. 32-37; (2020)</subfield>
    <subfield code="w">BR2025004017</subfield>
  </datafield>
  <datafield tag="856" ind1=" " ind2=" ">
    <subfield code="u">https://publicacoes.epagri.sc.gov.br/rac/article/view/532/702</subfield>
  </datafield>
  <datafield tag="942" ind1=" " ind2=" ">
    <subfield code="c">ANA</subfield>
  </datafield>
  <datafield tag="999" ind1=" " ind2=" ">
    <subfield code="c">332343</subfield>
    <subfield code="d">332343</subfield>
  </datafield>
</record>
